| 000 | 01166nam a2200289 i 4500 | ||
|---|---|---|---|
| 003 | EG-ScBUE | ||
| 005 | 20240806112229.0 | ||
| 008 | 100621s1988 ua f 000 0 ara d | ||
| 017 | _a88 / 3058 | ||
| 020 | _a977148219X | ||
| 040 |
_aEG-ScBUE _bara _erda _cEG-ScBUE _dEG-ScBUE |
||
| 043 | _aa-ir--- | ||
| 082 | 0 | 4 |
_222 _a955.053 _bهـ ي ك |
| 100 | 1 |
_91798 _aهيكل، محمد حسنين، _d1923-2016، _eمؤلف. |
|
| 245 | 1 | 0 |
_aمدافع آية الله : _bقصة إيران والثورة / _cمحمد حسنين هيكل. |
| 250 | _aالطبعة الرابعة. | ||
| 264 | 1 |
_aالقاهرة : _bدار الشروق، _c1988. |
|
| 300 |
_a273 صفحة ؛ _c24 سم |
||
| 336 |
_2rdacontent _aنص _btxt |
||
| 337 |
_aبدون وسيط _2rdamedia _bn |
||
| 338 |
_aمجلد _bnc _2rdacarrier |
||
| 541 |
_cإهداء ؛ _aالدكتور علاء عبد الغني. |
||
| 651 | 7 |
_914936 _aإيران _xتاريخ _yالعصر الحديث _yمحمد رضا شاه بهلوي (1943-1979م. _2BUEsh |
|
| 651 | 7 |
_914937 _aإيران _xتاريخ _yالعصر الحديث _yالثورة الإسلامية. _2BUEsh |
|
| 655 | _vReading book | ||
| 942 |
_2ddc _cBB |
||
| 999 |
_c14133 _d14133 |
||